Analýza a využitie reaktívnej paradigmy
Gespeichert in:
| 1. Verfasser: | |
|---|---|
| Weitere Verfasser: | |
| Format: | Manuskript Buch |
| Sprache: | Slowakisch |
| Veröffentlicht: |
Bratislava :
STU v Bratislave FEI,
2022
|
| Schlagworte: | |
| Online-Zugang: | https://opac.crzp.sk/?fn=detailBiblioFormChildALO77&sid=D9F0BB0A8DA9926980A594D31B33&seo=CRZP-detail-kniha |
| Tags: |
Keine Tags, Fügen Sie das erste Tag hinzu!
|
MARC
| LEADER | 00000ntm a22000003a 4500 | ||
|---|---|---|---|
| 001 | stuzp85785 | ||
| 003 | SK-STU | ||
| 005 | 20230131131744.4 | ||
| 007 | ta | ||
| 008 | 150427s2015----xo-----f-mn---000-0-slo-d | ||
| 040 | |a STU |b slo | ||
| 041 | 0 | |a slo | |
| 044 | |a xo | ||
| 100 | 1 | |a Búri, Ivan |u 035000 |4 aut |U FEI Fakulta elektrotechniky a informatiky |T FEI Ústav informatiky a matematiky |X 92258 |U E050 |Y 816 |7 92258 | |
| 242 | 0 | 1 | |a Analysis and Use of Reactive Paradigm |y eng |
| 245 | 1 | 0 | |a Analýza a využitie reaktívnej paradigmy |
| 260 | |a Bratislava : |b STU v Bratislave FEI, |c 2022 | ||
| 300 | |a 69 s., príl. | ||
| 650 | 4 | |a záťažové testovanie |2 slo | |
| 650 | 4 | |a microbenchmark |2 slo | |
| 650 | 4 | |a Reactor |2 slo | |
| 650 | 4 | |a reaktívne programovanie |2 slo | |
| 650 | 4 | |a reaktívna paradigma |2 slo | |
| 650 | 4 | |a imperatívne programovanie |2 slo | |
| 650 | 4 | |a imperatívna paradigma |2 slo | |
| 650 | 4 | |a reactive paradigm |2 eng | |
| 650 | 4 | |a imperative programming |2 eng | |
| 650 | 4 | |a imperative paradigm |2 eng | |
| 650 | 4 | |a load testing |2 eng | |
| 650 | 4 | |a microbenchmark |2 eng | |
| 650 | 4 | |a Reactor |2 eng | |
| 650 | 4 | |a reactive programming |2 eng | |
| 700 | 1 | |a Jókay, Matúš |u 035000 |k Z1 |4 ths |U FEI Fakulta elektrotechniky a informatiky |T FEI Ústav informatiky a matematiky |X 10139 |U E050 |Y 816 |7 A000010139 | |
| 856 | 4 | |u https://opac.crzp.sk/?fn=detailBiblioFormChildALO77&sid=D9F0BB0A8DA9926980A594D31B33&seo=CRZP-detail-kniha | |